[Event "Victoria op"]
[Site "Victoria"]
[Date "2019.04.20"]
[Round "2"]
[White "Zheng, Maven"]
[Black "Doknjas, John"]
[Result "0-1"]
[WhiteElo "1886"]
[BlackElo "2304"]
[PlyCount "130"]
[EventDate "2019.04.19"]
[EventType "swiss"]
[EventRounds "6"]
[EventCountry "CAN"]
[SourceTitle "CBM 190 Extra"]
[Source "ChessBase"]
[SourceDate "2019.07.15"]
[SourceVersion "1"]
[SourceVersionDate "2019.07.15"]
[SourceQuality "1"]

1. d4 Nf6 2. c4 c5 3. d5 e6 4. Nc3 exd5 5. cxd5 d6 6. Nf3 g6 7. Bg5 Bg7 8. e4 0-0 9. Bd3 h6 10. Bf4 g5 11. Be3 Ng4 12. Bd2 Qb6 13. Na4 Qc7 14. 0-0 c4 15. Be2 Nf6 16. Nc3 Bd7 17. a4 Na6 18. Nd4 Nc5 19. Ndb5 Qb8 20. f3 a6 21. Na3 Nb3 22. Rb1 b5 23. axb5 axb5 24. Na2 Qb6+ 25. Kh1 Nxd2 26. Qxd2 Rfc8 27. Rfc1 Nh7 28. Rc2 Qb8 29. Nb4 c3 30. Qd3 cxb2 31. Nc6 Bxc6 32. dxc6 Qa7 33. Nxb5 Qa1 34. Rcxb2 Bxb2 35. Rxa1 Rxa1+ 36. Bf1 Rxc6 37. Nxd6 Rxf1+ 38. Qxf1 Rc1 39. Qxc1 Bxc1 40. Nf5 h5 41. Kg1 Nf8 42. h3 Ng6 43. Kf2 f6 44. Nh6+ Kg7 45. Nf5+ Kf7 46. Nd4 Nf4 47. Nf5 Ba3 48. Kf1 Bc5 49. h4 Kg6 50. hxg5 fxg5 51. Ng3 h4 52. Nf5 Nh5 53. Ke1 Ng7 54. Nxg7 Kxg7 55. Ke2 Kf6 56. Kd3 Ke5 57. Ke2 Kf4 58. Kf1 Kg3 59. e5 h3 60. gxh3 Kxf3 61. e6 Kg3 62. e7 Bxe7 63. Kg1 Kxh3 64. Kh1 g4 65. Kg1 g3 0-1

[Event "British Columbia op"]
[Site "Richmond"]
[Date "2019.02.17"]
[Round "4.9"]
[White "Zheng, Maven"]
[Black "Lehingrat, Callum"]
[Result "0-1"]
[WhiteElo "1863"]
[BlackElo "2016"]
[PlyCount "140"]
[EventDate "2019.02.16"]
[EventType "tourn"]
[EventRounds "6"]
[EventCountry "CAN"]
[SourceTitle "EXT 2022"]
[Source "ChessBase"]
[SourceDate "2021.10.06"]
[SourceVersion "1"]
[SourceVersionDate "2021.10.06"]
[SourceQuality "1"]

1. d4 Nf6 2. c4 e6 3. Nf3 b6 4. Nc3 Bb7 5. Bg5 Bb4 6. e3 h6 7. Bh4 g5 8. Bg3 Ne4 9. Rc1 Bxc3+ 10. bxc3 d6 11. Bd3 f5 12. Qb3 Qe7 13. Rg1 Nd7 14. Nd2 Ndf6 15. f3 Nxg3 16. hxg3 0-0-0 17. Qa4 Kb8 18. Rb1 e5 19. Bxf5 exd4 20. e4 dxc3 21. Nb3 Nxe4 22. Kd1 Nf2+ 23. Kc1 Qe3+ 24. Kc2 Qe2+ 25. Kc1 Nd3+ 26. Bxd3 Qxd3 27. Rd1 Qe2 28. Nd4 Qxg2 29. Nb5 a6 30. Nxc3 Qxf3 31. Rb3 Qc6 32. Qb4 a5 33. Qb5 Rhf8 34. Re1 Rde8 35. Rg1 Rf3 36. Kb2 Ree3 37. g4 Qxb5 38. Nxb5 Rxb3+ 39. axb3 Rf4 40. Rg3 Bf3 41. Rh3 Bxg4 42. Rxh6 Bd7 43. Nc3 Bc6 44. Rg6 g4 45. Ka3 Rf3 46. Nb5 Bxb5 47. cxb5 g3 48. Rg7 Rf5 49. Ka4 Rf4+ 50. Ka3 Rb4 51. Rxg3 Rxb5 52. Rg4 Kb7 53. Kb2 Rb4 54. Rg5 a4 55. Ka3 Rxb3+ 56. Kxa4 Rb1 57. Rh5 c5 58. Rg5 Kc6 59. Rh5 b5+ 60. Ka3 c4 61. Ka2 Rb3 62. Rg5 d5 63. Rg4 Kc5 64. Rh4 d4 65. Rh5+ Kb4 66. Rh4 d3 67. Rd4 Kc3 68. Rd8 Kc2 69. Rd7 b4 70. Rd4 Ra3# 0-1

[Event "Victoria Grand Pacific op"]
[Site "Victoria"]
[Date "2018.04.02"]
[Round "6.10"]
[White "Murray, Michael A"]
[Black "Zheng, Maven"]
[Result "1-0"]
[WhiteElo "2059"]
[BlackElo "1939"]
[PlyCount "139"]
[EventDate "2018.03.30"]
[EventType "swiss"]
[EventRounds "6"]
[EventCountry "CAN"]
[SourceTitle "EXT 2022"]
[Source "ChessBase"]
[SourceDate "2021.10.06"]
[SourceVersion "1"]
[SourceVersionDate "2021.10.06"]
[SourceQuality "1"]

1. e4 c5 2. Nc3 Nc6 3. g3 g6 4. d3 Bg7 5. Be3 d6 6. Qd2 Bd7 7. Bg2 Rb8 8. Nf3 Nf6 9. Bh6 Bxh6 10. Qxh6 Qb6 11. 0-0-0 Ne5 12. Nxe5 dxe5 13. f4 Ng4 14. Qg7 Qf6 15. Qxf6 exf6 16. Rde1 0-0 17. h3 Nh6 18. Nd5 Kg7 19. Rhf1 b5 20. g4 Ng8 21. Rf2 a5 22. f5 g5 23. h4 h6 24. Rh1 Rbe8 25. Bf3 Bc6 26. Ne3 Ne7 27. Rfh2 Rh8 28. Nf1 Ng8 29. Ng3 Kf8 30. Kd2 Ke7 31. Ke3 Rd8 32. a3 Rd6 33. Bd1 Kd7 34. c3 b4 35. Bb3 Bb5 36. Rd2 Rh7 37. Bd5 Ne7 38. c4 Ba4 39. axb4 axb4 40. hxg5 fxg5 41. Ra1 Ra6 42. b3 Bb5 43. Rda2 Rxa2 44. Rxa2 Bc6 45. Ra7+ Kd6 46. Ra6 Kd7 47. Ra7+ Kd6 48. f6 Bxd5 49. exd5 Nxd5+ 50. cxd5 Kxd5 51. Ne4 Kc6 52. Ra5 h5 53. Rxc5+ Kb6 54. Rxe5 hxg4 55. Rxg5 Rh3+ 56. Kd4 Rh4 57. Ke5 Rh3 58. Kd4 Rh4 59. Kc4 Kc6 60. Kxb4 Rh3 61. Kc4 Rh4 62. Rg7 Rh6 63. Rxg4 Kd7 64. b4 Rh8 65. b5 Rc8+ 66. Nc5+ Kd6 67. d4 Rb8 68. Rg7 Ra8 69. Rxf7 Ra7 70. Ne4+ 1-0

[Event "British Columbia op"]
[Site "Richmond"]
[Date "2018.02.11"]
[Round "3.10"]
[White "Zhu, Brandon"]
[Black "Zheng, Maven"]
[Result "1-0"]
[WhiteElo "2081"]
[BlackElo "1845"]
[PlyCount "125"]
[EventDate "2018.02.10"]
[EventType "swiss"]
[EventRounds "6"]
[EventCountry "CAN"]
[SourceTitle "EXT 2022"]
[Source "ChessBase"]
[SourceDate "2021.10.06"]
[SourceVersion "1"]
[SourceVersionDate "2021.10.06"]
[SourceQuality "1"]

1. d4 d5 2. c4 e6 3. Nf3 Nf6 4. g3 Be7 5. Bg2 0-0 6. 0-0 Nbd7 7. Nc3 b6 8. Ne5 Bb7 9. Qa4 Nxe5 10. dxe5 Ne4 11. Nxe4 dxe4 12. Rd1 Qc8 13. Qc2 Rd8 14. Bf4 c5 15. Bxe4 Bxe4 16. Qxe4 Qc7 17. h4 a6 18. Kg2 b5 19. b3 Rab8 20. Rd3 Qa5 21. Bg5 Rxd3 22. exd3 Bf8 23. Qe1 Qc7 24. Rc1 b4 25. Qd2 h6 26. Be3 Rd8 27. f4 a5 28. Rd1 Qd7 29. Qe2 Be7 30. d4 cxd4 31. Rxd4 Qc7 32. Rxd8+ Qxd8 33. Qf3 Qc7 34. Qa8+ Kh7 35. Qe4+ Kg8 36. Kf1 Kh8 37. Ke2 Kg8 38. h5 Bc5 39. Bd2 Qd8 40. Be1 Bb6 41. g4 f6 42. Bh4 Qe7 43. exf6 gxf6 44. Qg6+ Qg7 45. Qe8+ Kh7 46. Qxe6 Bd8 47. Qe4+ Kh8 48. Qe8+ Kh7 49. Qg6+ Qxg6 50. hxg6+ Kxg6 51. f5+ Kf7 52. Kd3 Ke7 53. Ke4 Kd6 54. Bg3+ Kc6 55. Bf4 Be7 56. Bxh6 Bd8 57. Bf8 Bc7 58. Be7 Be5 59. g5 Kd7 60. Bxf6 Bxf6 61. gxf6 Ke8 62. Ke5 Kf7 63. c5 1-0

[Event "Richmond Keres Memorial 42nd"]
[Site "Richmond"]
[Date "2017.05.20"]
[Round "2"]
[White "Nyamdorj, Davaaochir"]
[Black "Zheng, Maven"]
[Result "1-0"]
[WhiteElo "2204"]
[BlackElo "1849"]
[PlyCount "131"]
[EventDate "2017.05.20"]
[EventType "swiss"]
[EventRounds "6"]
[EventCountry "CAN"]
[SourceTitle "CBM 178 Extra"]
[Source "ChessBase"]
[SourceDate "2017.06.22"]
[SourceVersion "1"]
[SourceVersionDate "2017.06.22"]
[SourceQuality "1"]

1. e4 c5 2. Nf3 d6 3. Bb5+ Bd7 4. Bxd7+ Nxd7 5. 0-0 Ngf6 6. Re1 e6 7. d3 Be7 8. Nc3 0-0 9. Bf4 Qb6 10. Qc1 Rfe8 11. a4 Rad8 12. Ra3 h6 13. Nd2 d5 14. Nb5 e5 15. exd5 Nxd5 16. Bxe5 Bg5 17. Bg3 a6 18. Nc3 Bxd2 19. Qxd2 Qxb2 20. Rea1 Nb4 21. Ne4 Qxc2 22. Qf4 Ne5 23. Rc3 Qb2 24. Rd1 Nexd3 25. Qh4 f6 26. Nxf6+ gxf6 27. Qxf6 Rd7 28. Qg6+ Kf8 29. Bd6+ Ree7 30. Qxh6+ Kg8 31. Qg6+ Kf8 32. Qf6+ Ke8 33. Qh8+ Kf7 34. Qh5+ Kf8 35. Bxe7+ Rxe7 36. Qh6+ Ke8 37. Rcxd3 Nxd3 38. Qg6+ Rf7 39. Qxd3 Qxf2+ 40. Kh1 Kf8 41. h3 Qf4 42. a5 Qc7 43. Qd8+ Kg7 44. Qg5+ Kh7 45. Qd5 Kg7 46. Rc1 Re7 47. Qg5+ Kh8 48. Qh4+ Kg8 49. Rc3 Rh7 50. Qc4+ Rf7 51. Rf3 Kg7 52. Qxf7+ Qxf7 53. Rxf7+ Kxf7 54. Kg1 Ke6 55. Kf2 Kd5 56. Ke2 Kc4 57. Kd2 Kb4 58. h4 Kxa5 59. h5 b5 60. h6 Ka4 61. h7 a5 62. h8Q c4 63. Qc3 b4 64. Qxc4 Ka3 65. Kc2 a4 66. Kb1 1-0

[Event "British Columbia op"]
[Site "Richmond"]
[Date "2017.02.13"]
[Round "5.10"]
[White "Zheng, Maven"]
[Black "Williamson, Jason"]
[Result "0-1"]
[WhiteElo "1705"]
[BlackElo "1986"]
[PlyCount "104"]
[EventDate "2017.02.11"]
[EventType "swiss"]
[EventRounds "6"]
[EventCountry "CAN"]
[SourceTitle "EXT 2022"]
[Source "ChessBase"]
[SourceDate "2021.10.06"]
[SourceVersion "1"]
[SourceVersionDate "2021.10.06"]
[SourceQuality "1"]

1. d4 Nf6 2. c4 g6 3. b3 Bg7 4. Nc3 c5 5. e3 Nc6 6. Nf3 0-0 7. Bb2 d5 8. Rc1 dxc4 9. bxc4 Bg4 10. d5 Ne5 11. h3 Bxf3 12. gxf3 Qa5 13. f4 Ned7 14. Bd3 b5 15. Kf1 bxc4 16. Bxc4 Qb4 17. Qe2 Nb6 18. Bb5 Ne4 19. a3 Nxc3 20. Bxc3 Qxa3 21. Bxg7 Qxc1+ 22. Kg2 Qxh1+ 23. Kxh1 Kxg7 24. Bc6 Rac8 25. e4 Rfd8 26. Qa6 Rc7 27. Qa5 c4 28. Kg2 Rdc8 29. h4 h5 30. Qc3+ Kh7 31. f5 Nd7 32. Kh2 gxf5 33. Qf3 Nf6 34. Qxf5+ Kg7 35. f3 c3 36. e5 Nxd5 37. Bxd5 e6 38. Qf6+ Kg8 39. Qg5+ Kf8 40. Qh6+ Ke8 41. Qh8+ Kd7 42. Qf6 exd5 43. Qxf7+ Kc6 44. Qg6+ Kc5 45. Qd6+ Kd4 46. Qb4+ Rc4 47. Qb1 c2 48. Qa1+ Kd3 49. Qf1+ Kc3 50. Kg3 Kb2 51. Qe2 Kb1 52. Qe1+ c1Q 0-1

[Event "British Columbia op"]
[Site "Richmond"]
[Date "2017.02.12"]
[Round "3.10"]
[White "Zheng, Maven"]
[Black "Gu, Chuyang"]
[Result "1-0"]
[WhiteElo "1705"]
[BlackElo "1731"]
[PlyCount "59"]
[EventDate "2017.02.11"]
[EventType "swiss"]
[EventRounds "6"]
[EventCountry "CAN"]
[SourceTitle "EXT 2022"]
[Source "ChessBase"]
[SourceDate "2021.10.06"]
[SourceVersion "1"]
[SourceVersionDate "2021.10.06"]
[SourceQuality "1"]

1. d4 Nf6 2. c4 e6 3. Nf3 b6 4. e3 Bb7 5. Bd3 d5 6. Nc3 Bb4 7. 0-0 0-0 8. Qe2 Nbd7 9. Rd1 Bd6 10. cxd5 exd5 11. b3 Qe7 12. Bb2 c5 13. Nb5 Bb8 14. Rac1 a6 15. Nc3 Bd6 16. Bb1 h6 17. Nh4 cxd4 18. Rxd4 Be5 19. Nf5 Qe6 20. Rh4 Ne4 21. Qg4 Kh8 22. Nxe4 Bxb2 23. Ng5 Ne5 24. Qh3 Rac8 25. Rf1 Nf3+ 26. Nxf3 Bf6 27. Rxh6+ gxh6 28. Qxh6+ Kg8 29. Ne7+ Bxe7 30. Qh7# 1-0

[Event "British Columbia op"]
[Site "Richmond"]
[Date "2017.02.11"]
[Round "2.8"]
[White "Hiebert, Kenji"]
[Black "Zheng, Maven"]
[Result "1-0"]
[WhiteElo "2078"]
[BlackElo "1705"]
[PlyCount "69"]
[EventDate "2017.02.11"]
[EventType "swiss"]
[EventRounds "6"]
[EventCountry "CAN"]
[SourceTitle "EXT 2022"]
[Source "ChessBase"]
[SourceDate "2021.10.06"]
[SourceVersion "1"]
[SourceVersionDate "2021.10.06"]
[SourceQuality "1"]

1. e4 c5 2. Nf3 d6 3. d4 cxd4 4. Nxd4 Nf6 5. Nc3 a6 6. Bg5 e5 7. Nf5 Be6 8. Qd2 Nc6 9. Bxf6 gxf6 10. 0-0-0 Bxf5 11. exf5 Nd4 12. Qd3 b5 13. Kb1 Rc8 14. a3 d5 15. Ne2 Nxe2 16. Bxe2 d4 17. Rhe1 Be7 18. f4 Kf8 19. Bf3 Qc7 20. Re4 b4 21. a4 Kg7 22. Rd2 Rb8 23. g4 h6 24. h4 Rb6 25. Rde2 b3 26. fxe5 fxe5 27. Rxe5 Bxh4 28. cxb3 Bf6 29. Re8 Rxe8 30. Rxe8 Qg3 31. Ka2 Rd6 32. Ra8 Qf2 33. Be2 Rc6 34. Qe4 d3 35. Qe8 1-0

[Event "Windsor NAYCC U16"]
[Site "Windsor"]
[Date "2016.08.10"]
[Round "6.47"]
[White "Zheng, Maven"]
[Black "Konovalenko, Nicholas"]
[Result "1/2-1/2"]
[WhiteElo "1748"]
[BlackElo "1555"]
[PlyCount "98"]
[EventDate "2016.08.07"]
[EventType "swiss"]
[EventRounds "9"]
[EventCountry "CAN"]
[SourceTitle "EXT 2022"]
[Source "ChessBase"]
[SourceDate "2021.10.06"]
[SourceVersion "1"]
[SourceVersionDate "2021.10.06"]
[SourceQuality "1"]

1. d4 Nf6 2. c4 c5 3. e3 g6 4. Nf3 Bg7 5. Bd3 d5 6. 0-0 Bg4 7. h3 Bxf3 8. Qxf3 0-0 9. Rd1 cxd4 10. exd4 Nc6 11. Qe3 dxc4 12. Bxc4 e5 13. d5 Nb4 14. Qb3 Qd6 15. Nc3 Rac8 16. Be3 Qc7 17. Be2 Na6 18. Nb5 Qd7 19. Nxa7 Rcd8 20. Bxa6 bxa6 21. Nc6 Rc8 22. Nxe5 Qe8 23. Nc4 Rb8 24. Qa3 Qb5 25. Rac1 Nxd5 26. Bc5 Rfd8 27. Nd6 Qd7 28. b4 Nc7 29. Ba7 Nb5 30. Nxb5 Qxd1+ 31. Rxd1 Rxd1+ 32. Kh2 Rxb5 33. Qxa6 Be5+ 34. g3 Rbd5 35. a4 h5 36. Kg2 Rb1 37. Bc5 Rdd1 38. h4 Rg1+ 39. Kh3 Rge1 40. Qc8+ Kg7 41. Qf8+ Kf6 42. Qd8+ Kg7 43. Be7 Rh1+ 44. Kg2 Rhg1+ 45. Kf3 Rb3+ 46. Ke2 Rb2+ 47. Ke3 Rb3+ 48. Kd2 Rb2+ 49. Ke3 Rb3+ 1/2-1/2

[Event "Windsor NAYCC U16"]
[Site "Windsor"]
[Date "2016.08.09"]
[Round "5.45"]
[White "Shamroni, Dennis"]
[Black "Zheng, Maven"]
[Result "1-0"]
[WhiteElo "1917"]
[BlackElo "1746"]
[PlyCount "185"]
[EventDate "2016.08.07"]
[EventType "swiss"]
[EventRounds "9"]
[EventCountry "CAN"]
[SourceTitle "EXT 2022"]
[Source "ChessBase"]
[SourceDate "2021.10.06"]
[SourceVersion "1"]
[SourceVersionDate "2021.10.06"]
[SourceQuality "1"]

1. e4 c5 2. Nf3 d6 3. d3 Nf6 4. g3 e6 5. Bg2 Nbd7 6. 0-0 Be7 7. Re1 0-0 8. Nbd2 Qc7 9. Nf1 b6 10. c4 Bb7 11. Bd2 Rfd8 12. Qc2 a6 13. Rac1 Ng4 14. Bc3 Nge5 15. Nxe5 Nxe5 16. f4 Nc6 17. b3 Nd4 18. Qb2 e5 19. Ne3 Bc6 20. Nd5 Qb7 21. Bxd4 cxd4 22. Qf2 Rac8 23. h4 Kh8 24. f5 f6 25. g4 b5 26. Re2 Rf8 27. Rec2 b4 28. Qg3 a5 29. Qf2 Bd8 30. c5 dxc5 31. Rxc5 Bb6 32. Nxb6 Qxb6 33. Qc2 h6 34. Rxc6 Rxc6 35. Qxc6 Qxc6 36. Rxc6 Ra8 37. Bf3 Kg8 38. Kf2 Ra7 39. g5 hxg5 40. hxg5 a4 41. gxf6 gxf6 42. bxa4 Rxa4 43. Rc2 Ra3 44. Ke2 b3 45. axb3 Rxb3 46. Bh5 Rb6 47. Bg6 Kg7 48. Rd2 Rc6 49. Kd1 Rc5 50. Rc2 Ra5 51. Be8 Ra8 52. Bb5 Rb8 53. Bc4 Rh8 54. Rg2+ Kf8 55. Rg6 Ke7 56. Rg7+ Kd6 57. Rf7 Rh6 58. Kc2 Kc5 59. Kb3 Kc6 60. Rg7 Rh8 61. Rg8 Rxg8 62. Bxg8 Kb5 63. Bc4+ Ka5 64. Ka3 Kb6 65. Kb4 Kc6 66. Ka5 Kc5 67. Bd5 Kd6 68. Kb6 Kd7 69. Be6+ Kd6 70. Kb5 Kc7 71. Kc5 Kd8 72. Kd6 Ke8 73. Bc8 Kf7 74. Kd7 Kf8 75. Ke6 Kg7 76. Ke7 Kg8 77. Kxf6 Kf8 78. Kxe5 Ke8 79. Kxd4 Kd8 80. Ba6 Ke8 81. Ke5 Kf8 82. Ke6 Ke8 83. Bb5+ Kf8 84. d4 Kg7 85. f6+ Kf8 86. d5 Kg8 87. d6 Kf8 88. d7 Kg8 89. d8Q+ Kh7 90. Qe7+ Kh6 91. Qg7+ Kh5 92. Be2+ Kh4 93. Qg4# 1-0

[Event "Toronto NAYCC U12"]
[Site "Toronto"]
[Date "2013.08.18"]
[Round "9"]
[White "Yong, Hoyin"]
[Black "Zheng, Maven"]
[Result "1/2-1/2"]
[WhiteElo "1123"]
[BlackElo "1060"]
[PlyCount "108"]
[EventDate "2013.08.14"]
[EventType "swiss"]
[EventRounds "9"]
[EventCountry "CAN"]
[SourceTitle "EXT 2022"]
[Source "ChessBase"]
[SourceDate "2021.10.06"]
[SourceVersion "1"]
[SourceVersionDate "2021.10.06"]
[SourceQuality "1"]

1. e4 e5 2. Nf3 Nc6 3. Nc3 Nf6 4. Bb5 d6 5. Bxc6+ bxc6 6. 0-0 Bg4 7. h3 Bh5 8. d3 Be7 9. Be3 0-0 10. d4 exd4 11. Bxd4 Re8 12. Re1 d5 13. exd5 cxd5 14. Bxf6 Bxf6 15. Rxe8+ Qxe8 16. Nxd5 Bxb2 17. Nxc7 Qc8 18. Nxa8 Bxa1 19. Qxa1 Qxa8 20. Qd4 h6 21. Qe3 Qb7 22. Qb3 Qe7 23. Qb8+ Kh7 24. Qe5 Qxe5 25. Nxe5 f6 26. Nc6 a6 27. c4 Bf7 28. Na5 Kg8 29. a3 Kf8 30. g4 Ke7 31. Kf1 Kd6 32. Ke2 Kc5 33. Kd3 Bg6+ 34. Kc3 Be4 35. Nb3+ Kc6 36. Nd4+ Kb6 37. f3 Bb7 38. Ne6 g5 39. Nf8 Bxf3 40. Nd7+ Kc6 41. Nxf6 Bg2 42. Ng8 Bxh3 43. Nxh6 Bf1 44. Kd4 Be2 45. Nf7 Bd1 46. c5 Kc7 47. Ne5 Ba4 48. Ke4 Bc2+ 49. Kd5 Bb3+ 50. Nc4 Bd1 51. Ne3 Ba4 52. Ke5 Bd7 53. Kf6 Bxg4 54. Nxg4 Kc6 1/2-1/2

[Event "Toronto NAYCC U12"]
[Site "Toronto"]
[Date "2013.08.17"]
[Round "6"]
[White "Li, William"]
[Black "Zheng, Maven"]
[Result "1/2-1/2"]
[WhiteElo "1409"]
[BlackElo "1060"]
[PlyCount "89"]
[EventDate "2013.08.14"]
[EventType "swiss"]
[EventRounds "9"]
[EventCountry "CAN"]
[SourceTitle "EXT 2022"]
[Source "ChessBase"]
[SourceDate "2021.10.06"]
[SourceVersion "1"]
[SourceVersionDate "2021.10.06"]
[SourceQuality "1"]

1. e4 e5 2. Nf3 Nc6 3. Bc4 Bc5 4. c3 Nf6 5. d3 0-0 6. Be3 Bxe3 7. fxe3 d6 8. Nbd2 Be6 9. Bb3 h6 10. 0-0 d5 11. exd5 Nxd5 12. Qe2 Re8 13. Bxd5 Bxd5 14. e4 Be6 15. h3 Qd7 16. Nb3 b6 17. Qc2 Rad8 18. Rad1 Bxb3 19. Qxb3 Na5 20. Qc2 c5 21. a3 Qe6 22. b4 Nb7 23. c4 Qe7 24. b5 Kh8 25. Nd2 Nd6 26. Rf3 Rg8 27. Rdf1 g5 28. Qc1 Rg6 29. Nb3 Rdg8 30. a4 R8g7 31. Qd2 h5 32. Qf2 g4 33. hxg4 Rxg4 34. Rh3 Qg5 35. Rh2 Rg3 36. Qe2 h4 37. Kh1 h3 38. Rxh3+ Rxh3+ 39. gxh3 Qg3 40. Qf3 f5 41. exf5 Nxf5 42. Qh5+ Kg8 43. Qe8+ Kh7 44. Qh5+ Nh6 45. Qf3 1/2-1/2

[Event "Toronto NAYCC U12"]
[Site "Toronto"]
[Date "2013.08.15"]
[Round "3"]
[White "Kobla, Vishal"]
[Black "Zheng, Maven"]
[Result "0-1"]
[WhiteElo "1752"]
[BlackElo "1060"]
[PlyCount "51"]
[EventDate "2013.08.14"]
[EventType "swiss"]
[EventRounds "9"]
[EventCountry "CAN"]
[SourceTitle "EXT 2022"]
[Source "ChessBase"]
[SourceDate "2021.10.06"]
[SourceVersion "1"]
[SourceVersionDate "2021.10.06"]
[SourceQuality "1"]

1. e4 e5 2. Nf3 Nc6 3. Bc4 Bc5 4. c3 Nf6 5. d4 exd4 6. cxd4 Bb4+ 7. Bd2 Bxd2+ 8. Nbxd2 d5 9. exd5 Nxd5 10. Qb3 Na5 11. Qa4+ Nc6 12. 0-0 0-0 13. Bd3 Nb6 14. Qc2 h6 15. Nb3 Nb4 16. Qd2 Nxd3 17. Qxd3 Qf6 18. Rac1 Bf5 19. Qd2 c6 20. Nc5 Rab8 21. Rfe1 Bg4 22. Ne5 Bf5 23. Qa5 Qd6 24. Qxa7 Nc8 25. Qa4 Ra8 26. Qxa8 0-1

[Event "CAN-ch U12"]
[Site "Vancouver"]
[Date "2012.07.06"]
[Round "7"]
[White "Brewster, Paula"]
[Black "Zheng, Maven"]
[Result "1-0"]
[WhiteElo "1341"]
[BlackElo "954"]
[PlyCount "129"]
[EventDate "2012.07.03"]
[EventType "swiss"]
[EventRounds "7"]
[EventCountry "CAN"]
[SourceTitle "EXT 2022"]
[Source "ChessBase"]
[SourceDate "2021.10.06"]
[SourceVersion "1"]
[SourceVersionDate "2021.10.06"]
[SourceQuality "1"]

1. d4 d5 2. Nf3 Bf5 3. e3 e6 4. b3 Nf6 5. Bb2 Bd6 6. Nbd2 Nbd7 7. Be2 0-0 8. 0-0 c6 9. Ne5 Qc7 10. f4 c5 11. g4 Be4 12. g5 Ne8 13. Nxe4 dxe4 14. Nxd7 Qxd7 15. dxc5 Rd8 16. cxd6 Nxd6 17. Bg4 Qc6 18. Qe2 Nf5 19. Bxf5 exf5 20. Qc4 Qb6 21. Bd4 Qa5 22. Qc5 Qa6 23. Qxf5 Qc6 24. Qc5 Qe6 25. Qe5 Qg6 26. h4 f6 27. Qe7 Rde8 28. Qxb7 Rf7 29. Qd5 Ref8 30. c4 Kh8 31. f5 Qh5 32. Qxe4 fxg5 33. hxg5 Qxg5+ 34. Qg2 Qe7 35. e4 Rg8 36. Kf2 Qh4+ 37. Ke2 Re7 38. Kf3 Qxe4+ 39. Kg3 Qxd4 40. Kh2 Qh4+ 41. Kg1 Re3 42. Rf3 Re5 43. Rh3 Qd4+ 44. Kh2 h6 45. Rg1 Qf4+ 46. Qg3 Qxf5 47. Rxh6+ Qh7 48. Rxh7+ Kxh7 49. Qxe5 g6 50. Qe7+ Rg7 51. Qh4+ Kg8 52. Rd1 Rf7 53. Rd8+ Rf8 54. Rxf8+ Kxf8 55. Qg5 Kf7 56. Kg3 a6 57. Kf4 a5 58. Qxa5 Kf6 59. Qg5+ Kg7 60. Ke5 Kf7 61. Kd6 Kg7 62. Ke6 Kh7 63. Kf6 Kh8 64. Qh6+ Kg8 65. Qg7# 1-0